| 000 | 00694cam a22002055a 4500 | ||
|---|---|---|---|
| 001 | E150417 | ||
| 008 | 100709s2009 xxk f 000 0 eng d | ||
| 035 | _a(Sirsi) u150417 | ||
| 041 | 0 | _aeng | |
| 110 | 2 |
_aRoyal Institution of Chartered Surveyors _94900 |
|
| 245 | 0 | 0 |
_aProfessional groups & forums _bannual review 2008/09 |
| 260 |
_aLondon _bRICS _c2009 |
||
| 300 |
_a27p. _bcol. ill. _c30cm. |
||
| 490 | 0 | _aRICS Annual Report | |
| 520 | _aSets out initiatives and projects undertaken by RICS Professional Groups and Forums in 2008/09. | ||
| 650 | 2 | 4 | _aRICS PROFESSIONAL GROUPS AND FORUMS ANNUAL REVIEW |
| 651 | 4 | _aInternational | |
| 690 | _aABOUT RICS-RICS ANNUAL REPORT | ||
| 942 | _n0 | ||
| 999 |
_c110865 _d110865 |
||